Name - Goo Goo Dolls,lyrics - Statistics

General Stats
  • This quiz has been taken 30 times
  • The average score is 171 of 208
Answer Stats
Lyrics % Correct
a
100%
A
100%
And
100%
be
100%
I
100%
name
100%
no
100%
on
100%
tell
100%
the
100%
The
100%
to
100%
who
100%
won't
100%
you
100%
You
100%
your
100%
'em
93%
me
93%
never
93%
one
93%
are
87%
are,
87%
can't
87%
their
87%
up
87%
We
87%
we
87%
all
80%
away
80%
by
80%
don't
80%
even
80%
for
80%
knew
80%
moment
80%
now
80%
out
80%
passed
80%
still
80%
that
80%
That
80%
there
80%
though
80%
turn
80%
belong
73%
Did
73%
Get
73%
get
73%
is
73%
Is
73%
it
73%
know
73%
lose
73%
Maybe
73%
shame
73%
That's
73%
too
73%
where
73%
while
73%
beside
67%
could
67%
down
67%
far
67%
grown
67%
or
67%
past
67%
sad
67%
star?
67%
than
67%
thought
67%
way
67%
you'd
67%
yourself
67%
along
60%
back
60%
come
60%
dreams
60%
fast
60%
grew
60%
It's
60%
keeps
60%
letters
60%
life
60%
lost
60%
make
60%
meant
60%
more
60%
names
60%
nothing
60%
our
60%
playing
60%
radio
60%
scars
60%
send
60%
somewhere
60%
song
60%
souvenirs
60%
there's
60%
tired
60%
tossed
60%
we're
60%
about
53%
become
53%
believe
53%
Got
53%
hide
53%
history
53%
lonely
53%
orphans
53%
reruns
53%
think
53%
time
53%
need
47%
But
40%
Cause
40%
thrown
40%
Ow
27%
same
27%
No matching quizzes found
Score Distribution
Percent of People with Each Score
Percentile by Number Answered
Your Score History
You have not taken this quiz